Ecology: From individulas to ecosystems (Record no. 1237843)
[ view plain ]
| 000 -LEADER | |
|---|---|
| fixed length control field | 00792nam a2200265Ia 4500 |
| 005 - DATE AND TIME OF LATEST TRANSACTION | |
| control field | 20250117103611.0 |
| 008 - FIXED-LENGTH DATA ELEMENTS--GENERAL INFORMATION | |
| fixed length control field | 008 250103s9999 xx 000 0 eng d |
| 020 ## - INTERNATIONAL STANDARD BOOK NUMBER | |
| International Standard Book Number | 9781119279358 |
| 037 ## - SOURCE OF ACQUISITION | |
| Stock number | Textual |
| 040 ## - CATALOGING SOURCE | |
| Original cataloging agency | CSL |
| Language of cataloging | eng |
| Transcribing agency | CSL |
| 041 ## - LANGUAGE CODE | |
| Language code of text/sound track or separate title | eng |
| Source of code | eng |
| 084 ## - COLON CLASSIFICATION NUMBER | |
| Classification number | G:5 P6;R1-;4 TK |
| Assigning agency | CSL |
| 100 ## - MAIN ENTRY--PERSONAL NAME | |
| Personal name | Begon, Michael |
| 9 (RLIN) | 712954 |
| 245 #0 - TITLE STATEMENT | |
| Title | Ecology: From individulas to ecosystems |
| Statement of responsibility, etc. | Begon, Michael; Townsend, Colin R |
| 250 ## - EDITION STATEMENT | |
| Edition statement | 5th |
| 260 ## - PUBLICATION, DISTRIBUTION, ETC. | |
| Place of publication, distribution, etc. | West Sussex |
| Name of publisher, distributor, etc. | Wiley Blackwell |
| Date of publication, distribution, etc. | 2021 |
| 300 ## - PHYSICAL DESCRIPTION | |
| Extent | xiii, 844p. col. ill. |
| 650 ## - SUBJECT ADDED ENTRY--TOPICAL TERM | |
| Topical term or geographic name entry element | Food Webs |
| 9 (RLIN) | 710830 |
| 650 ## - SUBJECT ADDED ENTRY--TOPICAL TERM | |
| Topical term or geographic name entry element | Interspecific competition |
| 9 (RLIN) | 734164 |
| 650 ## - SUBJECT ADDED ENTRY--TOPICAL TERM | |
| Topical term or geographic name entry element | Resources |
| 650 ## - SUBJECT ADDED ENTRY--TOPICAL TERM | |
| Topical term or geographic name entry element | Zoology |
| 700 ## - ADDED ENTRY--PERSONAL NAME | |
| Personal name | Townsend, Colin R |
| 942 ## - ADDED ENTRY ELEMENTS (KOHA) | |
| Koha item type | Textual |
| Classification part | G:5 P6;R1-;4 TK |
| Withdrawn status | Lost status | Damaged status | Not for loan | Home library | Current library | Date acquired | Source of acquisition | Inventory number | Total Checkouts | Full call number | Barcode | Date last seen | Price effective from | Koha item type |
|---|---|---|---|---|---|---|---|---|---|---|---|---|---|---|
| Central Science Library | Central Science Library | 2025-01-17 | Deepika Book Agency | 00087, 04/01/2024 | G:5 P6;R1-;4 TK | SL1655793 | 2025-01-17 | 2025-01-17 | Textual |
